<?xml version="1.0" encoding="UTF-8"?><?xml-stylesheet type="text/xsl" href="static/style.xsl"?><OAI-PMH xmlns="http://www.openarchives.org/OAI/2.0/" xmlns:xsi="http://www.w3.org/2001/XMLSchema-instance" xsi:schemaLocation="http://www.openarchives.org/OAI/2.0/ http://www.openarchives.org/OAI/2.0/OAI-PMH.xsd"><responseDate>2026-04-29T04:09:51Z</responseDate><request verb="GetRecord" identifier="oai:repisalud.isciii.es:20.500.12105/9495" metadataPrefix="marc">https://repisalud.isciii.es/rest/oai/request</request><GetRecord><record><header><identifier>oai:repisalud.isciii.es:20.500.12105/9495</identifier><datestamp>2024-09-27T09:56:42Z</datestamp><setSpec>com_20.500.12105_19604</setSpec><setSpec>com_20.500.12105_2051</setSpec><setSpec>col_20.500.12105_19605</setSpec></header><metadata><record xmlns="http://www.loc.gov/MARC21/slim" xmlns:dcterms="http://purl.org/dc/terms/" xmlns:doc="http://www.lyncode.com/xoai" xmlns:xsi="http://www.w3.org/2001/XMLSchema-instance" xsi:schemaLocation="http://www.loc.gov/MARC21/slim http://www.loc.gov/standards/marcxml/schema/MARC21slim.xsd">
   <leader>00925njm 22002777a 4500</leader>
   <datafield ind2=" " ind1=" " tag="042">
      <subfield code="a">dc</subfield>
   </datafield>
   <datafield ind2=" " ind1=" " tag="720">
      <subfield code="a">Podlesnikar, Tomaž</subfield>
      <subfield code="e">author</subfield>
   </datafield>
   <datafield ind2=" " ind1=" " tag="720">
      <subfield code="a">Pizarro, Gonzalo</subfield>
      <subfield code="e">author</subfield>
   </datafield>
   <datafield ind2=" " ind1=" " tag="720">
      <subfield code="a">Fernandez-Jimenez, Rodrigo</subfield>
      <subfield code="e">author</subfield>
   </datafield>
   <datafield ind2=" " ind1=" " tag="720">
      <subfield code="a">Montero-Cabezas, Jose M</subfield>
      <subfield code="e">author</subfield>
   </datafield>
   <datafield ind2=" " ind1=" " tag="720">
      <subfield code="a">Sanchez-Gonzalez, Javier</subfield>
      <subfield code="e">author</subfield>
   </datafield>
   <datafield ind2=" " ind1=" " tag="720">
      <subfield code="a">Bucciarelli-Ducci, Chiara</subfield>
      <subfield code="e">author</subfield>
   </datafield>
   <datafield ind2=" " ind1=" " tag="720">
      <subfield code="a">Ajmone Marsan, Nina</subfield>
      <subfield code="e">author</subfield>
   </datafield>
   <datafield ind2=" " ind1=" " tag="720">
      <subfield code="a">Fras, Zlatko</subfield>
      <subfield code="e">author</subfield>
   </datafield>
   <datafield ind2=" " ind1=" " tag="720">
      <subfield code="a">Bax, Jeroen J</subfield>
      <subfield code="e">author</subfield>
   </datafield>
   <datafield ind2=" " ind1=" " tag="720">
      <subfield code="a">Fuster, Valentin</subfield>
      <subfield code="e">author</subfield>
   </datafield>
   <datafield ind2=" " ind1=" " tag="720">
      <subfield code="a">Ibáñez, Borja</subfield>
      <subfield code="e">author</subfield>
   </datafield>
   <datafield ind2=" " ind1=" " tag="720">
      <subfield code="a">Delgado, Victoria</subfield>
      <subfield code="e">author</subfield>
   </datafield>
   <datafield ind2=" " ind1=" " tag="260">
      <subfield code="c">2019-07</subfield>
   </datafield>
   <datafield ind2=" " ind1=" " tag="520">
      <subfield code="a">OBJECTIVES: This study sought to evaluate the effect of early intravenous metoprolol on left ventricular (LV) strain assessed with feature-tracking cardiovascular magnetic resonance (CMR). BACKGROUND: Early intravenous metoprolol before primary percutaneous coronary intervention (PCI) in ST-segment elevation myocardial infarction (STEMI) portends better outcomes in the METOCARD-CNIC (Effect of Metoprolol in Cardioprotection During an Acute Myocardial Infarction) trial. METHODS: A total of 197 patients with acute anterior STEMI who were enrolled in the METOCARD-CNIC trial (100 allocated to intravenous metoprolol before primary PCI and 97 control patients) were evaluated. LV global circumferential strain (GCS) and global longitudinal strain (GLS) were measured with feature-tracking CMR at 1 week and 6 months after STEMI and compared between randomization groups. RESULTS: Patients who received early intravenous metoprolol had significantly more preserved LV strain compared with the control patients at 1 week after STEMI (GCS -13.9 ± 3.8% vs. -12.6 ± 3.9%, respectively; p = 0.013; GLS -11.9 ± 2.8% vs. -10.9 ± 3.2%, respectively; p = 0.032). In both groups, LV strain significantly improved during follow-up (mean difference between 6-month and 1-week strain for the metoprolol group: GCS -2.9%, 95% confidence interval [CI]: -3.5% to -2.4%; GLS: -2.9%, 95% CI: -3.4% to -2.4%; both p &lt; 0.001; the control group: GCS -3.4%, 95% CI: -3.9% to -2.8%; GLS -3.4%, 95% CI: -3.9% to -3.0%; both p &lt; 0.001). When dividing the overall cohort of patients in quartiles of GCS and GLS, there were significantly fewer patients in the first quartile (i.e., the worst LV systolic function) who received early intravenous metoprolol compared with control patients at 1 week and 6 months (p &lt; 0.05 for GCS and GLS at both time points). CONCLUSIONS: In patients with anterior STEMI, early administration of intravenous metoprolol before primary PCI was associated with significantly fewer patients with severely depressed LV GCS and GLS, both at 1 week and 6 months. Feature-tracking CMR represents a complementary tool to evaluate the benefits of cardioprotective therapies. (Effect of METOprolol in CARDioproteCtioN During an Acute Myocardial InfarCtion [METOCARD-CNIC]: NCT01311700).</subfield>
   </datafield>
   <datafield ind1="8" ind2=" " tag="024">
      <subfield code="a">JACC Cardiovasc Imaging. 2019; 12(7 Pt 1):1188-1198</subfield>
   </datafield>
   <datafield ind1="8" ind2=" " tag="024">
      <subfield code="a">1936878X</subfield>
   </datafield>
   <datafield ind1="8" ind2=" " tag="024">
      <subfield code="a">http://hdl.handle.net/20.500.12105/9495</subfield>
   </datafield>
   <datafield ind1="8" ind2=" " tag="024">
      <subfield code="a">30219400</subfield>
   </datafield>
   <datafield ind1="8" ind2=" " tag="024">
      <subfield code="a">10.1016/j.jcmg.2018.07.019</subfield>
   </datafield>
   <datafield ind1="8" ind2=" " tag="024">
      <subfield code="a">1876-7591</subfield>
   </datafield>
   <datafield ind1="8" ind2=" " tag="024">
      <subfield code="a">JACC. Cardiovascular imaging</subfield>
   </datafield>
   <datafield tag="653" ind2=" " ind1=" ">
      <subfield code="a">ST-segment elevation myocardial infarction</subfield>
   </datafield>
   <datafield tag="653" ind2=" " ind1=" ">
      <subfield code="a">Cardiovascular magnetic resonance</subfield>
   </datafield>
   <datafield tag="653" ind2=" " ind1=" ">
      <subfield code="a">Feature-tracking</subfield>
   </datafield>
   <datafield tag="653" ind2=" " ind1=" ">
      <subfield code="a">Global circumferential strain</subfield>
   </datafield>
   <datafield tag="653" ind2=" " ind1=" ">
      <subfield code="a">Global longitudinal strain</subfield>
   </datafield>
   <datafield tag="653" ind2=" " ind1=" ">
      <subfield code="a">Intravenous metoprolol</subfield>
   </datafield>
   <datafield ind2="0" ind1="0" tag="245">
      <subfield code="a">Effect of Early Metoprolol During ST-Segment Elevation Myocardial Infarction on Left Ventricular Strain: Feature-Tracking Cardiovascular Magnetic Resonance Substudy From the METOCARD-CNIC Trial</subfield>
   </datafield>
</record></metadata></record></GetRecord></OAI-PMH>